000 00689cab a2200265 4500
001 ABS51373
008 090401t xxu||||| |||| 00| 0 eng d
035 _a(Sirsi) u23769
041 _aeng
245 _aCentrefolio: East coast of Scotland
350 _a0
490 _aProperty Week
_v48(13) 29 September 194, 33-51(11)
650 _aABERDEEN
650 _aBUSINESS RATES
650 _aEDINBURGH
650 _aFIFE
650 _aLIVINGSTON
650 _aPLANNING ISSUES
650 _aRATING REVALUATION 1995
650 _aSCOTLAND
650 _aTRANSPORT ISSUES
690 _aPROPERTY-COMMERCIAL PROPERTY-COMMERCIAL PROPERTY MARKET
942 _n0
948 _c04/03/1997
999 _c15912
_d15912